Statistics for Video Game Characters Who Have Killed 1 Or More Gods

Click here to take the quiz!

General Stats

  • This quiz has been taken 13 times
  • The average score is 9 of 16

Answer Stats

HintAnswer% Correct
Sonic SeriesSonic
100%
Kirby Series (Killed The Most)Kirby
92%
God Of WarKratos
92%
Bayonetta seriesBayonetta
83%
Asura's WrathAsura
75%
Doom SeriesDoomslayer (Doomguy)
75%
Hollow KnightHollow Knight
67%
Sonic SeriesShadow
67%
Kid Icarus SeriesPit
58%
The Elder Scrolls V: SkyrimDragonborn
50%
Persona 5Joker
50%
Sonic SeriesSilver
50%
Dark SoulsDark Souls Protagonist
17%
Shin Megami Tensei: NocturneDemi-Fiend
17%
BlazBlue SeriesRagna The Bloodedge
8%
Dark Souls IIILord Of Cinder
0%

Score Distribution

Percentile by Number Answered

Percent of People with Each Score

Your Score History

You have not taken this quiz